Detalles MARC
| 000 -LEADER |
| fixed length control field |
01728 am a2200457 a 4500 |
| 005 - FECHA ULTIMA MODIFICACION |
| control field |
20240624125615.0 |
| 008 - CAMPO DE CONTROL (LIBRO) |
| fixed length control field |
100629s2006||||ag a f |||| 001 0 spa d |
| 020 ## - INTERNATIONAL STANDARD BOOK NUMBER |
| ISBN |
9789500600804 |
| 041 ## - CODIGO DE IDIOMA |
| Código de idioma del texto/pista de sonido o título separado |
spa |
| 092 ## - SIGNATURA TOPOGRAFICA DEWEY LOCAL |
| número de clasificación |
540 |
| libristica |
5 |
| sección |
ATK |
| 100 1# - ENTRADA PRINCIPAL--NOMBRE PERSONAL |
| Nombre personal |
Atkins, Peter. |
| 9 (RLIN) |
1135 |
| 245 ## - TITULO PROPIAMENTE DICHO |
| Título |
Principios de Química. |
| Subtítulo y Título paralelo |
Los caminos del descubrimiento / |
| Mención de responsabilidad y remanente de la transcripción de la portada |
Peter Atkins |
| 250 ## - MENCION DE EDICION |
| Mención de edición |
3a ed. |
| Mención de responsabilidad relacionada con la ed. |
Traducción María I. Gismondi ; Ester Filinger ; Emilia Más ; Andrea Méndez ; Silvia Rondinone y Rolando Rossi |
| 260 ## - PIE DE IMPRENTA |
| Lugar de publicación, distribución, etc |
Buenos Aires: |
| Nombre de la editorial, distribuidor, etc |
Editorial Médica Panamericana; |
| Fecha de publicación |
2006. |
| 300 ## - DESCRIPCION FISICA |
| Extension |
738 p. |
| Otros detalles físicos |
il. |
| 500 ## - NOTA GENERAL |
| Nota general |
Atkins, P. y Jones, L. (2006). Principios de Química. Los caminos del descubrimiento. (3a ed.). Buenos Aires : Editorial Médica Panamericana. |
| 590 ## - NOTAS LOCALES (RLIN) |
| Nota local |
Donación Editorial, 2005 |
| 653 ## - TÉRMINO INDIZADO - PALABRAS CLAVES |
| Palabra clave |
Fundamentos |
| 653 ## - TÉRMINO INDIZADO - PALABRAS CLAVES |
| Palabra clave |
Atomos: el mundo cuántico |
| 653 ## - TÉRMINO INDIZADO - PALABRAS CLAVES |
| Palabra clave |
Enlaces químicos |
| 653 ## - TÉRMINO INDIZADO - PALABRAS CLAVES |
| Palabra clave |
Forma y estructura moleculares |
| 653 ## - TÉRMINO INDIZADO - PALABRAS CLAVES |
| Palabra clave |
Propiedades de los gases |
| 653 ## - TÉRMINO INDIZADO - PALABRAS CLAVES |
| Palabra clave |
Líquidos y sólidos |
| 653 ## - TÉRMINO INDIZADO - PALABRAS CLAVES |
| Palabra clave |
Termodinámica: primera ley |
| 653 ## - TÉRMINO INDIZADO - PALABRAS CLAVES |
| Palabra clave |
Termodinámica: segunda y tercera ley |
| 653 ## - TÉRMINO INDIZADO - PALABRAS CLAVES |
| Palabra clave |
Equilibrios físicos |
| 653 ## - TÉRMINO INDIZADO - PALABRAS CLAVES |
| Palabra clave |
Equilibrios químicos |
| 653 ## - TÉRMINO INDIZADO - PALABRAS CLAVES |
| Palabra clave |
Acidos y bases |
| 653 ## - TÉRMINO INDIZADO - PALABRAS CLAVES |
| Palabra clave |
Equilibrio acuoso |
| 653 ## - TÉRMINO INDIZADO - PALABRAS CLAVES |
| Palabra clave |
Electroquímica |
| 653 ## - TÉRMINO INDIZADO - PALABRAS CLAVES |
| Palabra clave |
Cinética química |
| 653 ## - TÉRMINO INDIZADO - PALABRAS CLAVES |
| Palabra clave |
Elementos: los primeros cuatro grupos principales |
| 653 ## - TÉRMINO INDIZADO - PALABRAS CLAVES |
| Palabra clave |
Elementos: los últimos cuatro grupos principales |
| 653 ## - TÉRMINO INDIZADO - PALABRAS CLAVES |
| Palabra clave |
Elementos: el bloque D |
| 653 ## - TÉRMINO INDIZADO - PALABRAS CLAVES |
| Palabra clave |
Química nuclear |
| 653 ## - TÉRMINO INDIZADO - PALABRAS CLAVES |
| Palabra clave |
Química orgánica I: hidrocarburos |
| 653 ## - TÉRMINO INDIZADO - PALABRAS CLAVES |
| Palabra clave |
Química orgánica II: polímeros y compuestos biológicos |
| 700 1# - ENTRADAS SECUNDARIAS - NOMBRE PERSONAL |
| Nombre personal |
Jones, Loretta. |
| 9 (RLIN) |
1136 |
| 930 ## - NUMERO DE INVENTARIO |
| Número de inventario |
1397 |
| 942 ## - ADDED ENTRY ELEMENTS (KOHA) |
| Source of classification or shelving scheme |
Dewey Decimal Classification |
| Item type |
Libros |